000 00649nam a2200217Ii 4500
001 6430
003 CO-ViMGA
008 241108s9999||||xx |||||||||||||| ||und||
020 _a8470390481
040 _aCO-ViMGA
_bspa
_erda
_cCO-ViMGA
041 0 _aunk
084 _aN MAR34a
100 1 _aAlfonso Martínez de Toledo
_953378
245 1 0 _aArcipreste de talavera o corbacho
264 1 _a[Lugar de publicación no identificado] : Clasicos Castalia, 1985
300 _avolumen
336 _atext
_btxt
_2rdacontent
337 _aunmediated
_bn
_2rdamedia
338 _avolume
_bnc
_2rdacarrier
940 _aidficha_siabuc: 6281. -- ficha_no_siabuc:6430
999 _c49983
_d49983